000 00293nam a2200121Ia 4500
008 240624s9999 xx 000 0 und d
041 _aeng
082 _a920 SIN
100 _aSINGH N K
245 _aPORTRAITS OF POWER HALF A CENTURY OF BEI
260 _c2020
_aNew Delhi
_bRupa
365 _cRS
999 _c32476
_d32476